<?xml version="1.0" encoding="UTF-8"?>
<record
    xmlns:xsi="http://www.w3.org/2001/XMLSchema-instance"
    xsi:schemaLocation="http://www.loc.gov/MARC21/slim http://www.loc.gov/standards/marcxml/schema/MARC21slim.xsd"
    xmlns="http://www.loc.gov/MARC21/slim">

  <leader>01437nam a22002657a 4500</leader>
  <controlfield tag="005">20170124103217.0</controlfield>
  <datafield tag="010" ind1=" " ind2=" ">
    <subfield code="a">B-084306</subfield>
  </datafield>
  <datafield tag="020" ind1=" " ind2=" ">
    <subfield code="c">00.00</subfield>
    <subfield code="a">818668476</subfield>
  </datafield>
  <datafield tag="035" ind1=" " ind2=" ">
    <subfield code="a">B-084306</subfield>
  </datafield>
  <datafield tag="037" ind1=" " ind2=" ">
    <subfield code="b">Cen Lib/Ret</subfield>
  </datafield>
  <datafield tag="040" ind1=" " ind2=" ">
    <subfield code="a">DPL</subfield>
    <subfield code="b">HN</subfield>
  </datafield>
  <datafield tag="082" ind1=" " ind2=" ">
    <subfield code="a">320.5</subfield>
    <subfield code="b">&#x917;&#x94D;&#x930;&#x93E;&#x92E;&#x94D;&#x936;&#x940;&#x905;&#x902; </subfield>
  </datafield>
  <datafield tag="100" ind1=" " ind2=" ">
    <subfield code="a">&#x917;&#x94D;&#x930;&#x93E;&#x92E;&#x94D;&#x936;&#x940;, &#x905;&#x902;&#x924;&#x94B;&#x928;&#x93F;&#x92F;&#x94B; </subfield>
    <subfield code="9">99532</subfield>
  </datafield>
  <datafield tag="245" ind1=" " ind2=" ">
    <subfield code="a">&#x938;&#x93E;&#x902;&#x938;&#x94D;&#x915;&#x943;&#x924;&#x93F;&#x915; &#x914;&#x930; &#x930;&#x93E;&#x91C;&#x928;&#x940;&#x924;&#x93F;&#x915; &#x91A;&#x93F;&#x902;&#x924;&#x928; &#x915;&#x947; &#x92C;&#x941;&#x928;&#x93F;&#x92F;&#x93E;&#x926;&#x940; &#x938;&#x930;&#x94B;&#x915;&#x93E;&#x930; /</subfield>
    <subfield code="c">&#x905;&#x902;&#x924;&#x94B;&#x928;&#x93F;&#x92F;&#x94B; &#x917;&#x94D;&#x930;&#x93E;&#x92E;&#x94D;&#x936;&#x940;; &#x905;&#x928;&#x941;&#x935;&#x93E;&#x926;&#x915; &#x915;&#x943;&#x937;&#x94D;&#x923;&#x915;&#x93E;&#x902;&#x924; &#x92E;&#x93F;&#x936;&#x94D;&#x930; </subfield>
  </datafield>
  <datafield tag="246" ind1=" " ind2=" ">
    <subfield code="a">Sanskritik aur rajnitik chintan ke buniyadi sarokar /</subfield>
    <subfield code="b">by Antoniyo Mishra ; anuvadak Krishnakant Mishra </subfield>
  </datafield>
  <datafield tag="260" ind1=" " ind2=" ">
    <subfield code="a">&#x926;&#x93F;&#x932;&#x94D;&#x932;&#x940; </subfield>
    <subfield code="b">&#x917;&#x94D;&#x930;&#x902;&#x925; &#x936;&#x93F;&#x932;&#x94D;&#x92A;&#x940; </subfield>
    <subfield code="c">2002</subfield>
  </datafield>
  <datafield tag="270" ind1=" " ind2=" ">
    <subfield code="a">&#x92C;&#x940;-7, &#x938;&#x941;&#x92D;&#x93E;&#x937; &#x91A;&#x94C;&#x915;, &#x932;&#x915;&#x94D;&#x937;&#x94D;&#x92E;&#x940; &#x928;&#x917;&#x930; </subfield>
    <subfield code="b">&#x926;&#x93F;&#x932;&#x94D;&#x932;&#x940; </subfield>
    <subfield code="e">110092</subfield>
  </datafield>
  <datafield tag="300" ind1=" " ind2=" ">
    <subfield code="a">viii,615&#x92A;&#x943;.</subfield>
    <subfield code="c">20&#x938;&#x947;&#x92E;&#x940;(&#x938;&#x91C;&#x93F;&#x932;&#x94D;&#x926;)</subfield>
  </datafield>
  <datafield tag="650" ind1=" " ind2=" ">
    <subfield code="a">&#x938;&#x93E;&#x902;&#x938;&#x94D;&#x915;&#x943;&#x924;&#x93F;&#x915; &#x938;&#x92E;&#x94D;&#x938;&#x92F;&#x93E;&#x90F;&#x901; -- &#x92D;&#x93E;&#x930;&#x924; </subfield>
    <subfield code="9">99533</subfield>
  </datafield>
  <datafield tag="650" ind1=" " ind2=" ">
    <subfield code="a">&#x936;&#x93F;&#x915;&#x94D;&#x937;&#x93E; &#x914;&#x930; &#x907;&#x924;&#x93F;&#x939;&#x93E;&#x938; -- &#x92D;&#x93E;&#x930;&#x924; </subfield>
    <subfield code="9">85345</subfield>
  </datafield>
  <datafield tag="650" ind1=" " ind2=" ">
    <subfield code="a">Cultural problem - India</subfield>
    <subfield code="9">99534</subfield>
  </datafield>
  <datafield tag="650" ind1=" " ind2=" ">
    <subfield code="a">Education and history - India</subfield>
    <subfield code="9">99535</subfield>
  </datafield>
  <datafield tag="700" ind1=" " ind2=" ">
    <subfield code="a">&#x92E;&#x93F;&#x936;&#x94D;&#x930;, &#x915;&#x943;&#x937;&#x94D;&#x923;&#x915;&#x93E;&#x902;&#x924; </subfield>
    <subfield code="9">99536</subfield>
  </datafield>
  <datafield tag="942" ind1=" " ind2=" ">
    <subfield code="2">ddc</subfield>
    <subfield code="c">HN</subfield>
    <subfield code="h">320.5</subfield>
    <subfield code="m">&#x917;&#x94D;&#x930;&#x93E;&#x92E;&#x94D;&#x936;&#x940;&#x905;&#x902; </subfield>
  </datafield>
  <datafield tag="999" ind1=" " ind2=" ">
    <subfield code="c">121584</subfield>
    <subfield code="d">121584</subfield>
  </datafield>
  <datafield tag="952" ind1=" " ind2=" ">
    <subfield code="0">0</subfield>
    <subfield code="1">0</subfield>
    <subfield code="4">0</subfield>
    <subfield code="7">0</subfield>
    <subfield code="a">L</subfield>
    <subfield code="b">L</subfield>
    <subfield code="d">2015-10-10</subfield>
    <subfield code="e">Cen Lib/Ret</subfield>
    <subfield code="g">0.00</subfield>
    <subfield code="l">1</subfield>
    <subfield code="o">320.5 &#x917;&#x94D;&#x930;&#x93E;&#x92E;&#x94D;&#x936;&#x940;&#x905;&#x902;</subfield>
    <subfield code="p">B-084306</subfield>
    <subfield code="r">2017-11-30 00:00:00</subfield>
    <subfield code="s">2017-11-18</subfield>
    <subfield code="t">1</subfield>
    <subfield code="v">0.00</subfield>
    <subfield code="w">2015-10-10</subfield>
    <subfield code="y">HN</subfield>
  </datafield>
</record>
